Personality : (Record no. 22117)
[ view plain ]
| 000 -LEADER | |
|---|---|
| fixed length control field | 02190cam a2200385 i 4500 |
| 001 - CONTROL NUMBER | |
| control field | 23309704 |
| 003 - CONTROL NUMBER IDENTIFIER | |
| control field | OSt |
| 005 - DATE AND TIME OF LATEST TRANSACTION | |
| control field | 20251114103557.0 |
| 008 - FIXED-LENGTH DATA ELEMENTS--GENERAL INFORMATION | |
| fixed length control field | 230907s2024 caua b 001 0 eng |
| 010 ## - LIBRARY OF CONGRESS CONTROL NUMBER | |
| LC control number | 2023040466 |
| 020 ## - INTERNATIONAL STANDARD BOOK NUMBER | |
| International Standard Book Number | 9781071857182 |
| Qualifying information | (paperback) |
| 020 ## - INTERNATIONAL STANDARD BOOK NUMBER | |
| Canceled/invalid ISBN | 9781071857212 |
| Qualifying information | (adobe pdf) |
| 020 ## - INTERNATIONAL STANDARD BOOK NUMBER | |
| Canceled/invalid ISBN | 9781071857199 |
| Qualifying information | (epub) |
| 020 ## - INTERNATIONAL STANDARD BOOK NUMBER | |
| Canceled/invalid ISBN | 9781071857205 |
| Qualifying information | (epub) |
| 035 ## - SYSTEM CONTROL NUMBER | |
| System control number | 23309704 |
| 040 ## - CATALOGING SOURCE | |
| Original cataloging agency | DLC |
| Language of cataloging | eng |
| Description conventions | rda |
| Transcribing agency | AMIU |
| Modifying agency | DLC |
| 042 ## - AUTHENTICATION CODE | |
| Authentication code | pcc |
| 050 00 - LIBRARY OF CONGRESS CALL NUMBER | |
| Classification number | BF698 |
| Item number | .S516 2024 |
| 082 00 - DEWEY DECIMAL CLASSIFICATION NUMBER | |
| Classification number | 155.2 |
| Edition number | 23/eng/20230907 |
| 100 1# - MAIN ENTRY--PERSONAL NAME | |
| Personal name | Shiraev, Eric, |
| Dates associated with a name | 1960- |
| Relator term | author. |
| 245 10 - TITLE STATEMENT | |
| Title | Personality : |
| Remainder of title | theories and applications / |
| Statement of responsibility, etc. | Eric Shiraev, George Mason Univerity. |
| 250 ## - EDITION STATEMENT | |
| Edition statement | Second edition. |
| 264 #1 - PRODUCTION, PUBLICATION, DISTRIBUTION, MANUFACTURE, AND COPYRIGHT NOTICE | |
| Place of production, publication, distribution, manufacture | Los Angeles : |
| Name of producer, publisher, distributor, manufacturer | SAGE, |
| Date of production, publication, distribution, manufacture, or copyright notice | [2024] |
| 300 ## - PHYSICAL DESCRIPTION | |
| Extent | xxix, 494 pages : |
| Other physical details | color illustrations ; |
| Dimensions | 23 cm |
| 336 ## - CONTENT TYPE | |
| Content type term | text |
| Content type code | txt |
| Source | rdacontent |
| 337 ## - MEDIA TYPE | |
| Media type term | unmediated |
| Media type code | n |
| Source | rdamedia |
| 338 ## - CARRIER TYPE | |
| Carrier type term | volume |
| Carrier type code | nc |
| Source | rdacarrier |
| 504 ## - BIBLIOGRAPHY, ETC. NOTE | |
| Bibliography, etc. note | Includes bibliographical references and index. |
| 520 ## - SUMMARY, ETC. | |
| Summary, etc. | "The new Second Edition of Personality: Theories and Applications is organized around three general questions about personality psychology: What are the basic facts and ideas? How do we study them? How do we apply them now? These three organizing questions provide a consistent focus throughout the book, as Shiraev explores the foundations of personality psychology, its core theories, and its domains of application. Coverage of classical and contemporary systems of thought is both chronological and comprehensive and situates personality psychology within an interdisciplinary and global context, highlighting this diverse, cross-cultural, and cross-national field. A new chapter on the digital domain of personality showcases the author's expertise in reputation management and presents students with a highly relevant and engaging application of personality psychology today"-- |
| Assigning source | Provided by publisher. |
| 583 ## - ACTION NOTE | |
| Action | Catalography: |
| Time/date of action | 20251114 |
| Action agent | STAMIU-0199STAMIU-0199 |
| 650 #0 - SUBJECT ADDED ENTRY--TOPICAL TERM | |
| Topical term or geographic name entry element | Personality. |
| 906 ## - LOCAL DATA ELEMENT F, LDF (RLIN) | |
| a | 7 |
| b | cbc |
| c | orignew |
| d | 1 |
| e | ecip |
| f | 20 |
| g | y-gencatlg |
| 942 ## - ADDED ENTRY ELEMENTS (KOHA) | |
| Source of classification or shelving scheme | Library of Congress Classification |
| Koha item type | Book |
| Suppress in OPAC | No |
| Withdrawn status | Lost status | Source of classification or shelving scheme | Damaged status | Not for loan | Collection | Home library | Current library | Date acquired | Source of acquisition | Total Checkouts | Full call number | Barcode | Date last seen | Price effective from | Koha item type |
|---|---|---|---|---|---|---|---|---|---|---|---|---|---|---|---|
| Library of Congress Classification | Non-fiction | AMREF INTERNATIONAL UNIVERSITY (AMIU) LIBRARY | AMREF INTERNATIONAL UNIVERSITY (AMIU) LIBRARY | 14/11/2025 | Purchase | BF698 .S516 2024 | 40600 | 14/11/2025 | 14/11/2025 | Book | |||||
| Library of Congress Classification | Non-fiction | AMREF INTERNATIONAL UNIVERSITY (AMIU) LIBRARY | AMREF INTERNATIONAL UNIVERSITY (AMIU) LIBRARY | 14/11/2025 | Purchase | BF698 .S516 2024 | 40601 | 14/11/2025 | 14/11/2025 | Book |